Statistics for Real Madrid CF Squad 2016-2017

Click here to take the quiz!

General Stats

  • This quiz has been taken 99 times
  • The average score is 21 of 25

Answer Stats

#PositionNationPlayer% Correct
7FWPortugalCristiano Ronaldo
98%
11FWWalesGareth Bale
98%
9FWFranceKarim Benzema
98%
1GKCosta RicaKeylor Navas
98%
8MFGermanyToni Kroos
98%
14MFBrazilCasemiro
97%
2DFSpainDaniel Carvajal
97%
10MFColombiaJames Rodríguez
95%
12DFBrazilMarcelo Vieira
95%
4DFSpainSergio Ramos
95%
19MFCroatiaLuka Modrić
94%
3DFPortugalPepe
94%
5DFFranceRaphaël Varane
94%
-CoachFrance
Zinédine Zidane
91%
16MFCroatiaMateo Kovačić
88%
6DFSpainNacho Fernández
88%
18FWDominican RepublicMariano Díaz
85%
22MFSpainIsco
78%
13GKSpainKiko Casilla
78%
15DFPortugalFábio Coentrão
75%
17FWSpainLucas Vázquez
75%
20FWSpainMarco Asensio
75%
23DFBrazilDanilo
52%
21FWSpainÁlvaro Morata
48%
25GKSpainRubén Yáñez
20%

Score Distribution

Percentile by Number Answered

Percent of People with Each Score

Your Score History

You have not taken this quiz